Statistics for Girl At Home lyrics

Click here to take the quiz!

General Stats

  • This quiz has been taken 107 times
  • The average score is 365 of 404

Answer Stats

Lyrics% Correct
a
100%
And
100%
and
100%
at
100%
everybody
100%
Everybody
100%
girl
100%
go
100%
got
100%
home
100%
know
100%
knows
100%
you
100%
I
98%
that
98%
that,
98%
you've
98%
do
97%
Don't
97%
don't
97%
everybody
97%
look
97%
me,
97%
me
97%
her
92%
her,
92%
your
92%
if
90%
it
90%
it,
90%
It
90%
was
90%
you're
90%
be
88%
even
88%
but
87%
But
87%
no
87%
So
87%
so
87%
stupid
87%
who
87%
would
87%
just
85%
like
83%
of
83%
what
83%
fine
82%
phone
82%
see
82%
to
80%
up
80%
up,
80%
been
78%
I'm
78%
once
78%
feel
77%
my
77%
say
77%
the
77%
Call
75%
It's
75%
proposition
75%
have
73%
lose
73%
she
73%
about
72%
alone
72%
hadn't
72%
learned
72%
off
72%
right
72%
tell
72%
pick
70%
this
70%
turn
70%
coming
68%
kind
68%
now
68%
number,
68%
with
68%
cab,
67%
for
67%
man
67%
might
67%
Wanna
67%
wanna
67%
what's
67%
crossing
65%
lines
65%
make
65%
many
65%
previously
65%
yeah,
65%
yeah
65%
closer
63%
getting
63%
one's
63%
responsibility
63%
sure
63%
kinda
62%
makes
62%
consider
60%
sad
60%
code,
58%
exception,
58%
honey,
58%
lesson
58%
take
57%
understand
57%
upstanding
57%
let's
55%
thing
55%
perfectly,
52%
waits
52%
chase
47%
down
47%
granted
47%
While
47%
newest
42%

Score Distribution

Percentile by Number Answered

Percent of People with Each Score

Your Score History

You have not taken this quiz